[Event "IECG QB.2002.0.00011"]
[Site "IECG email"]
[Date "2002.01.08"]
[Round "?"]
[White "Sabahaddin, Bilsel"]
[Black "Sherwood, Russell"]
[Result "1-0"]
[WhiteElo "1964"]
[BlackElo "1812"]
[PlyCount "117"]
[EventDate "2002.01.08"]
[EventType "tourn (corr)"]
[EventRounds "6"]
[SourceTitle "Corr 2008"]
[Source "ChessBase"]
[SourceDate "2008.06.24"]
[SourceVersion "1"]
[SourceVersionDate "2008.06.24"]
[SourceQuality "1"]

1. d4 g6 2. c4 Bg7 3. Nc3 d6 4. e4 a6 5. Nf3 Nd7 6. Bd3 c5 7. d5 Ngf6 8. 0-0 0-0 9. Bf4 Ng4 10. Qd2 Nde5 11. Nxe5 Nxe5 12. Be2 e6 13. Rad1 Bd7 14. Rfe1 Re8 15. Bg5 f6 16. Bf4 Bf8 17. b3 exd5 18. Nxd5 Nc6 19. Bf1 Be6 20. a3 Nd4 21. b4 b6 22. Be3 Bxd5 23. exd5 Nf5 24. Bf4 Qd7 25. Bd3 Nd4 26. Be3 Nf5 27. Bxf5 Qxf5 28. bxc5 bxc5 29. h3 Rab8 30. Qa5 Rb2 31. Rd2 Rxd2 32. Qxd2 Qe4 33. Qc3 Qh4 34. Rb1 f5 35. Qc1 a5 36. a4 Bg7 37. Bf4 Bd4 38. Qd2 Qe7 39. Kf1 Qc7 40. Re1 Rb8 41. Qe2 Qf7 42. Bxd6 Rb2 43. Qe8+ Qxe8 44. Rxe8+ Kf7 45. Re7+ Kf6 46. f4 Rb1+ 47. Ke2 Rb2+ 48. Kd3 Rb3+ 49. Kc2 Rb2+ 50. Kc1 Rb4 51. Rxh7 Rxc4+ 52. Kd2 g5 53. Rh6+ Kg7 54. fxg5 Rxa4 55. Be7 Ra2+ 56. Kd3 Rxg2 57. d6 Rg3+ 58. Kc4 Kf7 59. Rh7+ 1-0

[Event "IECG QB.2002.0.00011"]
[Site "IECG email"]
[Date "2002.01.08"]
[Round "?"]
[White "Valdez Aguero, Daniel"]
[Black "Sabahaddin, Bilsel"]
[Result "1/2-1/2"]
[WhiteElo "1900"]
[BlackElo "1964"]
[PlyCount "80"]
[EventDate "2002.01.08"]
[EventType "tourn (corr)"]
[EventRounds "6"]
[SourceTitle "Corr 2008"]
[Source "ChessBase"]
[SourceDate "2008.06.24"]
[SourceVersion "1"]
[SourceVersionDate "2008.06.24"]
[SourceQuality "1"]

1. e4 c5 2. Nf3 d6 3. Bb5+ Bd7 4. Bxd7+ Qxd7 5. 0-0 Nf6 6. Qe2 Nc6 7. b3 e6 8. Bb2 Be7 9. c4 0-0 10. d4 cxd4 11. Nxd4 d5 12. cxd5 exd5 13. e5 Ne4 14. Rd1 Bc5 15. f3 Ng5 16. Kh1 Bxd4 17. Bxd4 Nxd4 18. Rxd4 Ne6 19. Rd1 d4 20. Nc3 Rad8 21. Ne4 Qd5 22. Nf2 Nf4 23. Qe4 Qxe4 24. Nxe4 Ne6 25. Nf2 Rd5 26. Nd3 Rc8 27. f4 Rc3 28. Rac1 g5 29. g3 Kg7 30. fxg5 Nxg5 31. Rb1 Rc2 32. Rf1 Rd7 33. a4 Rdc7 34. Rbd1 Ne4 35. Rf4 Re2 36. Re1 Rxe1+ 37. Nxe1 Nxg3+ 38. hxg3 Rc1 39. Rxd4 Rxe1+ 40. Kg2 Rxe5 1/2-1/2